Statistiques concernant Fire Emblem Engage: Personnages Jouables

Cliquez ici pour prendre le quiz!

Statistiques générales

  • Ce quiz a été pris 10 fois
  • Le résultat moyen est 32 sur 58

Statistiques - réponses

Personnages% Correct
Alear
78%
Célica
78%
Chrom
78%
Daraen
78%
Diamant
78%
Ike
78%
Jean
78%
Leif
78%
Lucina
78%
Marth
78%
Vander
78%
Alcryst
67%
Alfred
67%
Amber
67%
Céline
67%
Citrinne
67%
Clanne
67%
Etie
67%
Ivy
67%
Lapis
67%
Louis
67%
Lyn
67%
Roy
67%
Sigurd
67%
Veyle
67%
Yunaka
67%
Anna
56%
Boucheron
56%
Byleth
56%
Chloé
56%
Corrin
56%
Dimitri
56%
Edelgard
56%
Eirika
56%
Framme
56%
Goldmary
56%
Hortensia
56%
Jade
56%
Mauvier
56%
Micaiah
56%
Rosado
56%
Tikki
56%
Camilla
44%
Claude
44%
Fogado
44%
Hector
44%
Kagetsu
44%
Panette
44%
Veronica
44%
Soren
33%
Timerra
33%
Zelkov
33%
Merrin
22%
Pandreo
22%
Saphir
22%
Lindon
11%
Bunet
0%
Seadall
0%

Distribution des résultats

Percentile par nombre de réponses

% des personnes avec chaque résultat

Votre développement - résultats

Vous n’avez pas pris ce quiz